000 00267nam a22001097a 4500
082 _a629.74 VEH'R
100 _aROYAL MILITARY COLLEGE
_974128
245 _aVEHICLE STUDY AND VEHICLE MACHNICS
260 _aBIRTINA
_bMILITARY ROYAL
_c9999
300 _a7P
942 _cBK
999 _c579699
_d579699